| 000 | 00000nam##2200000za#4500 |
| 001 | 9.615691 |
| 003 | CaOODSP |
| 005 | 20210615101239 |
| 007 | ta |
| 008 | 150406|2001||||xxc||||| f|0| 0 eng|d |
| 020 | |a0-662-30810-7 |
| 040 | |aCaOODSP|beng |
| 043 | |an-cn--- |
| 086 | 1 |aNH18-24/28LE |
| 110 | 2 |aCanada Mortgage and Housing Corporation. |
| 245 | 10|aBefore you start a new addition |
| 260 | |aOttawa - Ontario : |bCanada Mortgage and Housing Corporation |c2001. |
| 300 | |a8p. : |billus. ; |c28 cm. |
| 490 | 1 |aAbout your house |vCE28L |
| 563 | |aPamphlet |
| 590 | |a01-27|b2001-07-06 |
| 690 | 07|aHome renovations|2gcpds |
| 690 | 07|aConstruction materials|2gcpds |
| 690 | 07|aEnergy efficiency|2gcpds |
| 690 | 07|aAir quality|2gcpds |
| 775 | 08|tAvant de construire une annexe |w(CaOODSP)9.625720 |
| 776 | 0#|tBefore you start a new addition |w(CaOODSP)9.571812 |
| 830 | #0|aAbout your house ;|vCE28L|w(CaOODSP)9.514828 |